Catálogo

Energía del futuro : (Registro nro. 37350)

Detalles MARC
000 -LEADER
fixed length control field 01122cam a2200301 i 4500
001 - CONTROL NUMBER
control field 37350
003 - CONTROL NUMBER IDENTIFIER
control field Mx-PuUPA
005 - DATE AND TIME OF LATEST TRANSACTION
control field 20240410103800.0
008 - FIXED-LENGTH DATA ELEMENTS--GENERAL INFORMATION
fixed length control field 140415s1984 mx r 000 0 spa d
020 ## - INTERNATIONAL STANDARD BOOK NUMBER
International Standard Book Number 9682604885
040 ## - CATALOGING SOURCE
Original cataloging agency MX-PuUPA
Language of cataloging spa
Description conventions rda
Transcribing agency Mx-PuUPA
Modifying agency Mx-PuUPA
041 1# - LANGUAGE CODE
Language code of text/sound track or separate title spa
Language code of original eng
100 1# - MAIN ENTRY--PERSONAL NAME
Personal name Stobaugh, Robert B.
Relator term autor
9 (RLIN) 5523
240 10 - UNIFORM TITLE
Uniform title Energy future.
Language of a work Español
245 10 - TITLE STATEMENT
Title Energía del futuro :
Remainder of title informe del proyecto de energía de la escuela de Administración de Harvard /
Statement of responsibility, etc. editores, Robert Stobaugh, Daniel Yergin ; María de los Ángeles Murueta Peña.
250 ## - EDITION STATEMENT
Edition statement Primera edición
264 #1 - PRODUCTION, PUBLICATION, DISTRIBUTION, MANUFACTURE, AND COPYRIGHT NOTICE
Place of production, publication, distribution, manufacture México, D.F. :
Name of producer, publisher, distributor, manufacturer Compañia Editorial Continental,
Date of production, publication, distribution, manufacture, or copyright notice 1984
300 ## - PHYSICAL DESCRIPTION
Extent 438 páginas ;
Dimensions 23 cm.
336 ## - CONTENT TYPE
Content type term texto
Fuente rdacontent
Content type code txt
337 ## - MEDIA TYPE
Media type term sin medio
Source rdamedia
Media type code n
338 ## - CARRIER TYPE
Carrier type term volumen
Source rdacarrier
Carrier type code nc
650 #4 - SUBJECT ADDED ENTRY--TOPICAL TERM
Topical term or geographic name entry element Energía
General subdivision Petroleo
700 1# - ADDED ENTRY--PERSONAL NAME
Personal name Yergin, Daniel,
Relator term editor
700 1# - ADDED ENTRY--PERSONAL NAME
Personal name Murueta Peña, María de los Ángeles,
Relator term traductor
765 08 - ORIGINAL LANGUAGE ENTRY
Main entry heading Stobaugh, Robert B.
Title Energy future
942 ## - ADDED ENTRY ELEMENTS (KOHA)
Source of classification or shelving scheme Dewey Decimal Classification
Koha item type Libro
Classification part 333.793
Item part S863
Existencias
Withdrawn status Lost status Source of classification or shelving scheme Damaged status Not for loan Collection code Home library Current library Shelving location Date acquired Source of acquisition Total Checkouts Full call number Barcode Date last seen Copy number Price effective from Koha item type Date last checked out
    Dewey Decimal Classification     General Biblioteca Karol Wojtyla Biblioteca Karol Wojtyla Sala general 03/12/2013 Compra   333.793 S863 1984 56178 05/01/2026 Ej.2 04/09/2017 Libro  
Descarte   Dewey Decimal Classification       Biblioteca Karol Wojtyla Biblioteca Karol Wojtyla   03/12/2013 Compra   333.793 STO 1984 56566 26/06/2015   04/09/2017 Libro 26/06/2015
    Dewey Decimal Classification     General Biblioteca Karol Wojtyla Biblioteca Karol Wojtyla Sala general 04/09/2017 Compra   333.793 S863 1984 21576 05/01/2026   04/09/2017 Libro